Detalles MARC
| 000 -CABECERA |
| campo de control de longitud fija |
01816nam a2200277 a 4500 |
| 001 - NÚMERO DE CONTROL |
| campo de control |
000048907 |
| 003 - IDENTIFICADOR DEL NÚMERO DE CONTROL |
| campo de control |
DO-SdBNP |
| 005 - FECHA Y HORA DE LA ÚLTIMA TRANSACCIÓN |
| campo de control |
20250721105520.0 |
| 008 - DATOS DE LONGITUD FIJA--INFORMACIÓN GENERAL |
| campo de control de longitud fija |
190501s2017 dr r 000 0 spa d |
| 020 ## - NÚMERO INTERNACIONAL ESTÁNDAR DEL LIBRO |
| Número Internacional Estándar del Libro |
9789945600773 |
| 040 ## - FUENTE DE LA CATALOGACIÓN |
| Centro catalogador/agencia de origen |
DO-SdBNP |
| Lengua de catalogación |
spa |
| Centro/agencia transcriptor |
BNPHU |
| 082 ## - NÚMERO DE LA CLASIFICACIÓN DECIMAL DEWEY |
| Número de clasificación |
342.09 |
| Número de documento/Ítem |
D542r |
| 100 1# - ENTRADA PRINCIPAL--NOMBRE DE PERSONA |
| Nombre de persona |
Díaz, Julio César |
| 9 (RLIN) |
76346 |
| 245 13 - MENCIÓN DE TÍTULO |
| Título |
El régimen municipal sus orígenes y evolución / |
| Mención de responsabilidad, etc. |
Julio César Díaz ; prólogo Oquendo Medina. |
| 260 ## - PUBLICACIÓN, DISTRIBUCIÓN, ETC. |
| Lugar de publicación, distribución, etc. |
Santo Domingo : |
| Nombre del editor, distribuidor, etc. |
Santuario, |
| Fecha de publicación, distribución, etc. |
2017. |
| 300 ## - DESCRIPCIÓN FÍSICA |
| Extensión |
292 p. ; |
| Dimensiones |
23 cm. |
| 500 ## - NOTA GENERAL |
| Nota general |
Incluye datos biográficos del autor en las solapas |
| 500 ## - NOTA GENERAL |
| Nota general |
Investigaciones irrefutables acerca de los grupos sociales, eventos e instituciones antiguas: indicios de la creación del municipio. |
| 505 ## - NOTA DE CONTENIDO CON FORMATO |
| Nota de contenido con formato |
EL ORIGEN -- Un comentario 43 -- El municipio y su origen 47 -- El municipio como entidad territorial 65 -- Características del municipio romano y nacimiento del ayuntamiento en América 75 -- LA EVOLUCIÓN -- Breve reseña de la legislación municipal de la República Dominicana 87 -- Competencias municipales 119 -- Destinos y uso de los fondos y otras funciones municipales 133 -- Los distritos municipales y otras prerrogativas del municipio 149 -- ¿Qué es un alcalde municipal? Breves pinceladas 195 -- FUNDAMENTOS Y COMPROMISO -- ¿Son los ayuntamientos totalmente autónomos? Aspectos específicos 203 -- MEDIO AMBIENTE Y RECICLAJE -- Manejo responsable de los residuos 233 -- Cosas que debe hacer un ayuntamiento responsable 277 -- Otorgar becas para estudiar cursos técnicos 279 -- Creación de un Plan Social Municipal 281 |
| 590 ## - NOTA LOCAL (RLIN) |
| Nota local |
Inventariado, 2021 / DG |
| 650 4# - PUNTO DE ACCESO ADICIONAL DE MATERIA--TÉRMINO DE MATERIA |
| Término de materia o nombre geográfico como elemento de entrada |
Derecho municipal |
| 9 (RLIN) |
79077 |
| 650 40 - PUNTO DE ACCESO ADICIONAL DE MATERIA--TÉRMINO DE MATERIA |
| Término de materia o nombre geográfico como elemento de entrada |
Gobierno municipal |
| 9 (RLIN) |
17207 |
| 700 1# - PUNTO DE ACCESO ADICIONAL--NOMBRE DE PERSONA |
| Nombre de persona |
Medina, Oquendo, |
| Fechas asociadas al nombre |
1955- |
| Término indicativo de función/relación |
pról. |
| 9 (RLIN) |
14493 |
| 910 ## - DATOS DE OPCIÓN DEL USUARIO (OCLC) |
| Datos de opción del usuario |
D/G |
| 942 ## - ELEMENTOS DE PUNTO DE ACCESO ADICIONAL (KOHA) |
| Fuente del sistema de clasificación o colocación |
Dewey Decimal Classification |
| Tipo de ítem Koha |
Libro |